Statystyki dla Zawodnicy w fifie 19 o ocenie ogol 90+

Kliknij tutaj aby rozwiązać quiz!

Ogólne statystyki

  • Ten quiz został rozwiązany 174 razy
  • Średni wynik to 12 z 17

Statystyki odpowiedzi

LeagueOdpowiedź% Poprawnych
Serie ACristiano Ronaldo
100%
La LigaLeo Messi
100%
Ligue 1Neymar Jr
97%
BundesligaRobert Lewandowski
96%
La LigaLuis Suarez
82%
La LigaSergio Ramos
77%
BundesligaManuel Neuer
75%
La LigaLuka Modrić
73%
Premier LeagueDe Gea
68%
Premier LeagueEden Hazard
68%
Premier LeagueKevin De Bruyne
67%
La LigaThibaut Courtois
55%
Serie AGiorgio Chiellini
49%
La LigaJan Oblak
49%
Premier LeagueHarry Kane
45%
La LigaToni Kroos
38%
La LigaDiego Godin
36%

Rozkład punktacji

Percentyl według liczby udzielonych odpowiedzi

Procent ludzi z każdym wynikiem

Twoja historia wyników

Nie rozwiązałeś tego quizu